Math for soil scientists

The book explains the importance of each concept explored, discusses the theory behind each concept, and presents the method for solving each problem. Designed to cover all of the most common equations in the soil science field, from calculating particle size distribution to conducting simple hypoth...

Descripción completa

Guardado en:
Detalles Bibliográficos
Autor principal: Coyne, Mark S.
Formato: Libro
Lenguaje:Undetermined
Publicado: Clifton Park, NY Thomson/Delmar Learning 2006
Materias:
Etiquetas: Agregar Etiqueta
Sin Etiquetas, Sea el primero en etiquetar este registro!
Thư viện lưu trữ: Trung tâm Học liệu Trường Đại học Cần Thơ
LEADER 01045nam a2200217Ia 4500
001 CTU_133328
008 210402s9999 xx 000 0 und d
020 |c 518000 
082 |a 631.4 
082 |b C881 
100 |a Coyne, Mark S. 
245 0 |a Math for soil scientists 
245 0 |c Mark S. Coyne and James A. Thompson 
260 |a Clifton Park, NY 
260 |b Thomson/Delmar Learning 
260 |c 2006 
520 |a The book explains the importance of each concept explored, discusses the theory behind each concept, and presents the method for solving each problem. Designed to cover all of the most common equations in the soil science field, from calculating particle size distribution to conducting simple hypothesis testing, this text provides the reader with many opportunities for practice in working out sample problems of each required math concept 
650 |a Soil science,Khoa học đất 
650 |x Mathematics,toán học 
904 |i Huỳnh Mai 
980 |a Trung tâm Học liệu Trường Đại học Cần Thơ